[Event "Moscow Open 2007"]
[Site "Moscow"]
[Date "2007.01.27"]
[Round "1"]
[White "Smirnov, Pavel"]
[Black "Kosov, Ivan"]
[Result "0-1"]
[WhiteElo "2621"]
[BlackElo "2354"]
[PlyCount "156"]
[EventDate "2007.??.??"]

1. e4 c5 2. Nf3 e6 3. d4 cxd4 4. Nxd4 a6 5. Bd3 Qc7 6. O-O Nf6 7. Qe2 d6 8. c4
g6 9. Nc3 Bg7 10. Nf3 O-O 11. h3 Nbd7 12. Bf4 Nh5 13. Bd2 b6 14. Rfd1 Bb7 15.
Rac1 Rac8 16. g4 Nhf6 17. Bf4 Rfd8 18. b3 Qb8 19. Bb1 Ne8 20. Qe3 Ba8 21. a4
Nc5 22. Nd2 Bc6 23. Bc2 Qb7 24. Bg5 Rd7 25. Re1 a5 26. Rcd1 Nc7 27. Bh6 Bxh6
28. Qxh6 Ne8 29. Nf1 Qc7 30. Ng3 Qd8 31. h4 Qf6 32. Nce2 Qf3 33. Qf4 Qxf4 34.
Nxf4 h6 35. Nh3 Nc7 36. f4 N7a6 37. Rd4 Nb4 38. Bd1 Nbd3 39. Rf1 e5 40. fxe5
dxe5 41. Rxd7 Bxd7 42. Nf2 Nf4 43. Bc2 Kf8 44. Re1 Bc6 45. Nf1 Rd8 46. Kh2 Ke7
47. Kg3 Ke6 48. Re3 Rd4 49. Bb1 f6 50. Bc2 h5 51. g5 fxg5 52. hxg5 Ke7 53. Nh2
Rd2 54. Bd1 h4+ 55. Kf3 Nce6 56. Re1 Nxg5+ 57. Ke3 Rxf2 58. Kxf2 Nd3+ 59. Kf1
Nxe1 60. Kxe1 Nxe4 61. Nf3 Kf6 62. Nxh4 Nc5 63. Bc2 g5 64. Nf5 Nxb3 65. Ne3 Nc5
66. Bf5 Nxa4 67. Bc8 Ke7 68. Kd2 Kd6 69. Bh3 Be4 70. Bg4 Nc5 71. Kc3 Nd7 72.
c5+ Nxc5 73. Nc4+ Kc7 74. Nxe5 Bd5 75. Be2 Kd6 76. Ng4 Be6 77. Ne3 Ke5 78. Kc2
Kf4 0-1

[Event "Moscow Open 2007"]
[Site "Moscow"]
[Date "2007.01.27"]
[Round "1"]
[White "Hambartsumian, Yuri"]
[Black "Najer, Evgeniy"]
[Result "0-1"]
[WhiteElo "2354"]
[BlackElo "2605"]
[PlyCount "76"]
[EventDate "2007.??.??"]

1. e4 c5 2. Nf3 d6 3. d4 cxd4 4. Nxd4 Nf6 5. Nc3 a6 6. Be3 e5 7. Nf3 Be7 8. Bc4
O-O 9. O-O Be6 10. Qe2 Nc6 11. Rfd1 Rc8 12. Bb3 h6 13. Ne1 Na5 14. Nd5 Nxb3 15.
Nxf6+ Bxf6 16. axb3 Qc7 17. Rd2 Be7 18. c4 Qc6 19. f3 b5 20. cxb5 axb5 21. Rc2
Qe8 22. Rxc8 Bxc8 23. Nc2 f5 24. exf5 Bxf5 25. Nb4 e4 26. Nd5 exf3 27. Qxf3 Bh4
28. Bd4 Bg5 29. Nc7 Qg6 30. Rf1 Kh7 31. g3 Rf7 32. Nxb5 Be6 33. Qe2 Rxf1+ 34.
Qxf1 Qe4 35. Qg2 Qe1+ 36. Qf1 Qe4 37. Qg2 Qd3 38. Qf1 Be3+ 0-1

[Event "Moscow Open 2007"]
[Site "Moscow"]
[Date "2007.01.27"]
[Round "1"]
[White "Bocharov, Dmitry"]
[Black "Reutsky, Sergei"]
[Result "1-0"]
[WhiteElo "2602"]
[BlackElo "2353"]
[PlyCount "93"]
[EventDate "2007.??.??"]

1. c4 e6 2. d4 d5 3. Nc3 c5 4. cxd5 exd5 5. Nf3 Nc6 6. g3 Nf6 7. Bg2 Be7 8. O-O
O-O 9. Bg5 cxd4 10. Nxd4 h6 11. Be3 Re8 12. Qa4 Na5 13. Rad1 Bd7 14. Qc2 Rc8
15. Qb1 Nc4 16. Bf4 Qa5 17. Nb3 Qa6 18. Nxd5 Nxd5 19. Bxd5 Bh3 20. Rfe1 Bf6 21.
Bc1 Bg4 22. Bf3 Bxf3 23. exf3 Ne5 24. Kg2 Red8 25. Rxd8+ Rxd8 26. Be3 Qc6 27.
Qe4 Qxe4 28. fxe4 Nd3 29. Re2 Nxb2 30. Bxa7 Ra8 31. Bd4 Bxd4 32. Nxd4 Nd3 33.
e5 Ra4 34. Nf5 b5 35. Re3 Nb2 36. Nd6 b4 37. Ne4 Ra5 38. f4 Kf8 39. Kh3 Ke7 40.
Rb3 Rxa2 41. Rxb4 Nd3 42. Rb7+ Ke6 43. Rb6+ Ke7 44. Nc3 Ra3 45. Nd5+ Kd7 46.
Kg4 Ra2 47. Rd6+ 1-0

[Event "Moscow Open 2007"]
[Site "Moscow"]
[Date "2007.01.27"]
[Round "1"]
[White "Moskalenko, Alexander"]
[Black "Aleksandrov, Aleksej"]
[Result "1-0"]
[WhiteElo "2352"]
[BlackElo "2601"]
[PlyCount "161"]
[EventDate "2007.??.??"]

1. e4 e5 2. Nf3 Nc6 3. Bb5 Nf6 4. d4 exd4 5. e5 Ne4 6. O-O a6 7. Bxc6 dxc6 8.
Re1 Nc5 9. Bg5 Be7 10. Bxe7 Qxe7 11. Qxd4 Bf5 12. Qc3 O-O 13. Nd4 Bg6 14. f4
Na4 15. Qb3 Qc5 16. c3 b5 17. Nd2 Qb6 18. Nc4 Qa7 19. Ne3 Be4 20. Ng4 Bd3 21.
Re3 Bg6 22. f5 c5 23. Nc6 c4 24. Nxa7 cxb3 25. Nc6 Bh5 26. Nf2 f6 27. axb3 Nc5
28. Ne7+ Kh8 29. g4 Be8 30. b4 Nb3 31. Rd1 fxe5 32. Rxe5 Bf7 33. Rd7 a5 34. Nc6
axb4 35. Nxb4 c5 36. Nbd3 c4 37. Nf4 Kg8 38. Ne4 Rfd8 39. Ree7 Rxd7 40. Rxd7
Be8 41. Rc7 Nc1 42. Ne6 Bf7 43. Nd6 Be8 44. Rxg7+ Kh8 45. Re7 Bc6 46. f6 Nd3
47. Kf1 Bf3 48. Re8+ Rxe8 49. Nxe8 Ne5 50. Nd6 Bxg4 51. f7 Ng6 52. f8=R+ Nxf8
53. Nxf8 Kg7 54. Nxh7 Kxh7 55. Nxb5 Kg6 56. Kf2 Kf6 57. Ke3 Ke5 58. Na3 Be6 59.
Nb1 Bf7 60. Nd2 Bg8 61. Nf3+ Kd5 62. Kf4 Bf7 63. h4 Bh5 64. Nd2 Be2 65. Ne4 Bd3
66. Nf6+ Ke6 67. Kg5 Bc2 68. Ng4 Bd3 69. Kf4 Be2 70. Ne5 Kd5 71. Nf3 Bd3 72.
Nd4 Bg6 73. Kg5 Bh7 74. Kf6 Bd3 75. h5 Ke4 76. h6 Kf4 77. Kg7 Ke3 78. h7 Bxh7
79. Kxh7 Kd2 80. Kg6 Kc1 81. Kf5 1-0

[Event "Moscow Open 2007"]
[Site "Moscow"]
[Date "2007.01.27"]
[Round "1"]
[White "Belov, Vladimir"]
[Black "Shkurikhin, Ilia"]
[Result "1-0"]
[WhiteElo "2600"]
[BlackElo "2350"]
[PlyCount "135"]
[EventDate "2007.??.??"]

1. e4 c5 2. Nf3 e6 3. d4 cxd4 4. Nxd4 a6 5. Bd3 Nf6 6. O-O Qc7 7. Kh1 Bc5 8.
Nb3 Be7 9. f4 d6 10. a4 b6 11. Nc3 Bb7 12. Qe2 Nbd7 13. Nd4 O-O 14. Bd2 Rfe8
15. Rae1 e5 16. Nf5 Bf8 17. Qf2 exf4 18. Qxf4 Ne5 19. Qg5 Ng6 20. Nh6+ Kh8 21.
Rxf6 gxf6 22. Qxf6+ Bg7 23. Nxf7+ Kg8 24. Nh6+ Kh8 25. Qxd6 Re7 26. Nf5 Qxd6
27. Nxd6 Be5 28. Nc4 Bd4 29. Ne2 Bg7 30. Nxb6 Rb8 31. Bg5 Re6 32. Nd5 Bxd5 33.
exd5 Re5 34. Bc1 Rxd5 35. b3 a5 36. Nf4 Nxf4 37. Bxf4 Rf8 38. g3 Bf6 39. Kg2
Rfd8 40. Re6 Kg7 41. Ra6 Bc3 42. Bh6+ Kh8 43. Rc6 Be5 44. Bd2 Ra8 45. Re6 Bg7
46. Be1 Re5 47. Rxe5 Bxe5 48. Kf3 Bc7 49. Bc3+ Kg8 50. Ke4 Rd8 51. g4 Re8+ 52.
Kd5 Bxh2 53. Bc4 Kf7 54. Kc6+ Kg6 55. Bxa5 Kg5 56. Bb6 Kxg4 57. a5 h5 58. a6
Bb8 59. a7 Bxa7 60. Bxa7 h4 61. Bb6 h3 62. Bc7 Kf3 63. b4 Rh8 64. b5 Ke3 65.
Bd5 Kd4 66. b6 h2 67. c3+ Kxc3 68. Be5+ 1-0

[Event "Moscow Open 2007"]
[Site "Moscow"]
[Date "2007.01.27"]
[Round "1"]
[White "Gunina, Valentina"]
[Black "Svetushkin, Dmitry"]
[Result "0-1"]
[WhiteElo "2347"]
[BlackElo "2588"]
[PlyCount "62"]
[EventDate "2007.??.??"]

1. d4 d5 2. c4 c6 3. Nf3 Nf6 4. e3 Bf5 5. Nc3 e6 6. Nh4 Bg6 7. Nxg6 hxg6 8. g3
Nbd7 9. Bg2 Bd6 10. O-O Qe7 11. Bd2 dxc4 12. Qe2 e5 13. dxe5 Nxe5 14. f4 Nd3
15. b3 O-O-O 16. bxc4 Bc5 17. Rab1 Nxf4 18. Rxf4 Rxd2 19. Qf3 Qxe3+ 20. Kh1
Qxf3 21. Rxf3 Ng4 22. h4 f5 23. Na4 Bd4 24. Rfb3 b6 25. c5 b5 26. Nb2 g5 27.
Nc4 gxh4 28. Nxd2 hxg3+ 29. Bh3 Rxh3+ 30. Kg2 Rh2+ 31. Kxg3 Be5+ 0-1

[Event "Moscow Open 2007"]
[Site "Moscow"]
[Date "2007.01.27"]
[Round "1"]
[White "Rychagov, Andrey"]
[Black "Losev, Dmitry"]
[Result "1/2-1/2"]
[WhiteElo "2586"]
[BlackElo "2345"]
[PlyCount "111"]
[EventDate "2007.??.??"]

1. d4 g6 2. c4 Bg7 3. e4 d6 4. Nc3 Nc6 5. Be3 e5 6. d5 Nce7 7. c5 f5 8. Bb5+
Kf8 9. exf5 Nxf5 10. Nf3 Nxe3 11. fxe3 Bh6 12. O-O Kg7 13. Ne4 Bf5 14. Ng3
Bxe3+ 15. Kh1 Nh6 16. cxd6 cxd6 17. Bd3 Rf8 18. Bxf5 Nxf5 19. Ne4 Rc8 20. Qb3
Qb6 21. Qxb6 axb6 22. g4 Nd4 23. Nxd6 Rc2 24. Nh4 Bf4 25. Ng2 Rd8 26. Ne4 Rxd5
27. Nxf4 exf4 28. Rxf4 Ne6 29. Rf3 Ng5 30. Nxg5 Rxg5 31. Rg1 Rxb2 32. Rb3 Rxb3
33. axb3 h5 34. h3 hxg4 35. hxg4 Kf6 36. Kh2 Rd5 37. Rg3 Kg5 38. Kh3 Rd4 39.
Re3 Kf4 40. Re6 Rd3+ 41. Kg2 Rxb3 42. Rxg6 b5 43. Kf2 Rb2+ 44. Ke1 Ke3 45. Kd1
Kd3 46. Kc1 Rg2 47. Rf6 Rxg4 48. Rf3+ Kc4 49. Kb2 Rg2+ 50. Kb1 b4 51. Rf4+ Kb3
52. Rf3+ Ka4 53. Rh3 b5 54. Rf3 b3 55. Rf8 Kb4 56. Rh8 1/2-1/2

[Event "Moscow Open 2007"]
[Site "Moscow"]
[Date "2007.01.27"]
[Round "1"]
[White "Tjurin, Alexander"]
[Black "Kornev, Alexei"]
[Result "0-1"]
[WhiteElo "2344"]
[BlackElo "2582"]
[PlyCount "44"]
[EventDate "2007.??.??"]

1. e4 c5 2. Nf3 e6 3. d4 cxd4 4. Nxd4 a6 5. Nc3 Qc7 6. g3 Nf6 7. Bg2 Be7 8. O-O
O-O 9. a4 Nc6 10. h3 d6 11. Nde2 Rb8 12. g4 b5 13. axb5 axb5 14. g5 Nd7 15. Qd3
Nc5 16. Qg3 b4 17. Na4 Ra8 18. b3 Nxa4 19. bxa4 Ba6 20. Qe3 Na5 21. Nd4 Bxf1
22. Bxf1 Qc5 0-1

[Event "Moscow Open 2007"]
[Site "Moscow"]
[Date "2007.01.27"]
[Round "1"]
[White "Yakovich, Yuri"]
[Black "Isaev, Yuri"]
[Result "1/2-1/2"]
[WhiteElo "2577"]
[BlackElo "2343"]
[PlyCount "122"]
[EventDate "2007.??.??"]

1. c4 e5 2. Nc3 Nc6 3. Nf3 d6 4. d4 exd4 5. Nxd4 Nf6 6. e4 Be7 7. Be2 O-O 8.
O-O Bd7 9. Be3 Re8 10. f3 Bf8 11. Qd2 Ne5 12. Rfd1 a6 13. Kh1 Ng6 14. b4 h6 15.
Nb3 Rc8 16. Rac1 Re5 17. c5 Qe8 18. Bd4 Nh5 19. Bxe5 Nxe5 20. f4 Ng4 21. Rf1 f5
22. exf5 Ng3+ 23. Kg1 Nxf1 24. Bxf1 Qe3+ 25. Qxe3 Nxe3 26. Bd3 Bxf5 27. Bxf5
Nxf5 28. Kf2 dxc5 29. Nxc5 Rd8 30. g4 Bxc5+ 31. bxc5 Ne7 32. Ke3 Nd5+ 33. Nxd5
Rxd5 34. Ke4 Rd2 35. Rb1 Rc2 36. Rxb7 Rxc5 37. Rb4 Kf7 38. Ra4 a5 39. Kd4 Rb5
40. Rc4 Rb7 41. h4 Ke7 42. Kc5 Rb2 43. a4 Kd7 44. Rd4+ Ke6 45. h5 Rg2 46. f5+
Ke5 47. Rc4 Rb2 48. Kc6 Rb4 49. Rc5+ Kf4 50. Rxa5 Kxg4 51. Ra7 Kxh5 52. a5 Kg5
53. Rxc7 Kxf5 54. a6 Ra4 55. a7 Ra1 56. Rxg7 h5 57. Kb7 h4 58. Rh7 Kg4 59. Rh6
Rxa7+ 60. Kxa7 Kg3 61. Kb6 h3 1/2-1/2

[Event "Moscow Open 2007"]
[Site "Moscow"]
[Date "2007.01.27"]
[Round "1"]
[White "Demianjuk, Alexander"]
[Black "Burmakin, Vladimir"]
[Result "0-1"]
[WhiteElo "2342"]
[BlackElo "2568"]
[PlyCount "82"]
[EventDate "2007.??.??"]

1. e4 c6 2. d4 d5 3. e5 Bf5 4. Nc3 a6 5. Bd3 Bxd3 6. Qxd3 e6 7. Be3 c5 8. dxc5
Nd7 9. f4 Bxc5 10. Bxc5 Nxc5 11. Qg3 g6 12. h4 h5 13. f5 exf5 14. O-O-O Ne7 15.
Nge2 Ne6 16. Nxd5 Nxd5 17. Nc3 Nef4 18. Qf3 O-O 19. Nxd5 Nxd5 20. Rxd5 Qe7 21.
g3 Rac8 22. Rhd1 Rc4 23. b3 Qa3+ 24. Kb1 Ra4 25. Qc3 Qxa2+ 26. Kc1 Qa3+ 27. Qb2
Qa1+ 28. Qb1 Qxb1+ 29. Kxb1 Rg4 30. Rd7 Rxg3 31. Rxb7 Re3 32. Rd6 Rxe5 33. Rxa6
Re4 34. c4 Rxh4 35. c5 Rh2 36. c6 Re8 37. Ra8 Rxa8 38. c7 Re2 39. b4 Ree8 40.
b5 h4 41. Rb6 h3 0-1

[Event "Moscow Open 2007"]
[Site "Moscow"]
[Date "2007.01.27"]
[Round "1"]
[White "Vorobiov, Evgeny"]
[Black "Maslov, Mikhail"]
[Result "1/2-1/2"]
[WhiteElo "2563"]
[BlackElo "2336"]
[PlyCount "77"]
[EventDate "2007.??.??"]

1. e4 e5 2. Bc4 Nc6 3. Nf3 Bc5 4. c3 d6 5. d4 exd4 6. cxd4 Bb6 7. h3 h6 8. Nc3
Nge7 9. O-O O-O 10. Be3 Na5 11. Bd3 f5 12. b4 Nac6 13. Qb3+ Kh8 14. d5 Ne5 15.
Nxe5 dxe5 16. exf5 Bxf5 17. Qc4 Bxe3 18. fxe3 c6 19. Bxf5 Nxf5 20. dxc6 bxc6
21. Rf3 Nd6 22. Rxf8+ Qxf8 23. Qd3 Qe7 24. Rd1 Rd8 25. Qa6 Qc7 26. Na4 Nf5 27.
Rxd8+ Qxd8 28. Qxa7 Kh7 29. e4 Qd1+ 30. Kh2 Nd4 31. Nc5 Qf1 32. Qa3 Qf2 33. Qg3
Qxa2 34. Nd7 Qf7 35. Nxe5 Qe6 36. Nf3 Qxe4 37. Nxd4 Qxd4 38. Qf3 Qxb4 39. Qxc6
1/2-1/2

[Event "Moscow Open 2007"]
[Site "Moscow"]
[Date "2007.01.27"]
[Round "1"]
[White "Vasilkova, Svetlana"]
[Black "Grachev, Boris"]
[Result "0-1"]
[WhiteElo "2336"]
[BlackElo "2563"]
[PlyCount "58"]
[EventDate "2007.??.??"]

1. e4 c5 2. Nf3 d6 3. d4 cxd4 4. Nxd4 Nf6 5. Nc3 a6 6. Be3 e6 7. Qd2 b5 8. f3
Bb7 9. a4 bxa4 10. Nxa4 Nbd7 11. Be2 d5 12. O-O-O Be7 13. Nb3 Bc6 14. Nac5 Nxc5
15. Bxc5 Bxc5 16. Nxc5 O-O 17. e5 Nd7 18. Nxd7 Qxd7 19. f4 Bb5 20. Rhf1 Rab8
21. Rf3 Rfc8 22. Bd3 Qb7 23. Bxb5 Qxb5 24. b3 a5 25. Rc3 a4 26. Rxc8+ Rxc8 27.
Kb2 axb3 28. cxb3 Ra8 29. Qe1 Qc5 0-1

[Event "Moscow Open 2007"]
[Site "Moscow"]
[Date "2007.01.27"]
[Round "1"]
[White "Kruchev, Boris"]
[Black "Zontakh, Andrey"]
[Result "0-1"]
[WhiteElo "2328"]
[BlackElo "2562"]
[PlyCount "60"]
[EventDate "2007.??.??"]

1. d4 Nf6 2. c4 e6 3. g3 c5 4. Nf3 cxd4 5. Nxd4 a6 6. Bg2 Qc7 7. b3 Bb4+ 8. Bd2
Bc5 9. Nc2 d5 10. Nba3 O-O 11. Rc1 Nc6 12. b4 Be7 13. cxd5 exd5 14. O-O Qe5 15.
Nb1 Qh5 16. a3 Bh3 17. e3 Ng4 18. f3 Bxg2 19. fxg4 Qh3 20. Rf2 Be4 21. Bc3 Bg5
22. Nd2 Bxc2 23. Rxc2 Bxe3 24. Nf1 Bxf2+ 25. Rxf2 d4 26. Bd2 Rfe8 27. Qf3 Ne5
28. Qxb7 Qxg4 29. Bf4 Qd7 30. Qe4 Ng4 0-1

[Event "Moscow Open 2007"]
[Site "Moscow"]
[Date "2007.01.27"]
[Round "1"]
[White "Fominykh, Maria"]
[Black "Gareev, Timur"]
[Result "0-1"]
[WhiteElo "2316"]
[BlackElo "2551"]
[PlyCount "102"]
[EventDate "2007.??.??"]

1. Nf3 g6 2. g3 Bg7 3. Bg2 d5 4. d4 Nc6 5. O-O e6 6. c3 Nge7 7. Bf4 h6 8. h4 f6
9. Na3 e5 10. Bc1 e4 11. Nh2 Be6 12. f3 f5 13. Bf4 Qd7 14. Nb5 Rc8 15. a4 O-O
16. b4 a5 17. Rb1 Kh7 18. Qd2 Ng8 19. fxe4 fxe4 20. g4 axb4 21. cxb4 Bxg4 22.
Bxc7 e3 23. Qxe3 Rxf1+ 24. Rxf1 Re8 25. Qg3 Bxe2 26. Bh3 Qe7 27. Bd6 Qe4 28.
Bg2 Qc2 29. Re1 Nxd4 30. h5 Bxb5 31. axb5 Ne2+ 32. Rxe2 Qxe2 33. Qxg6+ Kh8 34.
Nf3 Re6 35. Qg3 Nf6 36. Be5 Nxh5 37. Bxg7+ Nxg7 38. Kh2 Kh7 39. Qg4 Qe3 40. Nh4
Rf6 41. Kh1 Qc1+ 42. Kh2 Qf4+ 43. Kh3 Ne6 44. Nf3 Rg6 45. Qh4 Ng5+ 46. Nxg5+
Qxg5 47. Bf3 Qxh4+ 48. Kxh4 Rg5 49. b6 Kg7 50. Bg4 Rg6 51. Bf3 Rxb6 0-1

[Event "Moscow Open 2007"]
[Site "Moscow"]
[Date "2007.01.27"]
[Round "1"]
[White "Korobov, Anton"]
[Black "Prokopchuk, Yury"]
[Result "1-0"]
[WhiteElo "2547"]
[BlackElo "2316"]
[PlyCount "53"]
[EventDate "2007.??.??"]

1. d4 d5 2. c4 dxc4 3. Nf3 c5 4. e3 cxd4 5. Bxc4 Qc7 6. Qb3 e6 7. exd4 Nf6 8.
Nc3 a6 9. d5 b5 10. Bd3 b4 11. Ne4 Nxd5 12. Bg5 h6 13. Rc1 Nc6 14. Bh4 Nd4 15.
Qd1 Nxf3+ 16. gxf3 Qa5 17. O-O Bb7 18. Re1 g5 19. Bg3 Rd8 20. Be5 Rg8 21. Bc7
Nxc7 22. Nf6+ Ke7 23. Nxg8+ Ke8 24. Rxc7 Bg7 25. Rxb7 Qd5 26. Qa4+ Kf8 27. Be4
1-0

[Event "Moscow Open 2007"]
[Site "Moscow"]
[Date "2007.01.27"]
[Round "1"]
[White "Vafin, Niaz"]
[Black "Sorokin, Maxim"]
[Result "1/2-1/2"]
[WhiteElo "2308"]
[BlackElo "2547"]
[PlyCount "116"]
[EventDate "2007.??.??"]

1. e4 e5 2. Nf3 Nc6 3. Bb5 a6 4. Ba4 Nf6 5. O-O b5 6. Bb3 Bc5 7. Re1 d6 8. c3
Bb6 9. h3 O-O 10. d4 Re8 11. d5 Ne7 12. a4 Bb7 13. Na3 h6 14. axb5 axb5 15. Be3
Bxe3 16. Rxe3 c6 17. dxc6 Bxc6 18. Qe2 Qb6 19. Rd1 Rad8 20. Nc2 Ng6 21. g3 Qb7
22. Re1 Bd7 23. Kh2 Be6 24. Bxe6 fxe6 25. Nb4 Kh7 26. Rd1 Re7 27. Ng1 Rf7 28.
h4 Qb6 29. Nh3 Kg8 30. Rg1 Rdf8 31. Rg2 Rc8 32. h5 Nf8 33. g4 N8h7 34. Nd3 Rcf8
35. f4 exf4 36. Ndxf4 e5 37. Ng6 Re8 38. Nh4 d5 39. exd5 Nxd5 40. Rd3 Nhf6 41.
Nf5 e4 42. Rd4 Re5 43. Ne3 Qb8 44. Kh1 Nxe3 45. Qxe3 Nd5 46. Qe2 e3 47. c4 bxc4
48. Qxc4 Rc7 49. Qd3 Qb7 50. Kh2 Qc6 51. Nf4 Nxf4 52. Rxf4 Rc8 53. Re2 Rce8 54.
Qc4+ Qxc4 55. Rxc4 Rb8 56. Kg3 Rb3 57. Rc3 Rb4 58. Rcxe3 Rxe3+ 1/2-1/2

[Event "Moscow Open 2007"]
[Site "Moscow"]
[Date "2007.01.27"]
[Round "1"]
[White "Deviatkin, Andrei"]
[Black "Stukopin, Andrey"]
[Result "1-0"]
[WhiteElo "2544"]
[BlackElo "2307"]
[PlyCount "89"]
[EventDate "2007.??.??"]

1. e4 c5 2. Nf3 Nc6 3. Bb5 e6 4. Bxc6 bxc6 5. e5 d6 6. O-O g6 7. exd6 Qxd6 8.
d3 Bg7 9. Nbd2 Nf6 10. Nc4 Qc7 11. Be3 Nd7 12. Qd2 O-O 13. Bh6 Bxh6 14. Qxh6 f6
15. Qe3 e5 16. Nfd2 Ba6 17. Rae1 Rae8 18. f3 Kg7 19. Re2 Rf7 20. Rfe1 Rfe7 21.
b3 Nf8 22. f4 Nd7 23. Qf2 Bxc4 24. Nxc4 Kf7 25. Qh4 Kg7 26. Re3 Kg8 27. Re4 f5
28. R4e3 e4 29. dxe4 Rxe4 30. Rxe4 fxe4 31. f5 Nf8 32. Rxe4 Rxe4 33. Qxe4 Qd7
34. fxg6 Nxg6 35. Kf2 Qf7+ 36. Qf3 Qe6 37. g3 Qh3 38. Kg1 Qe6 39. h4 Ne7 40.
Qe3 Qf6 41. Qxc5 Nd5 42. Qxa7 Qe6 43. Qb8+ Kf7 44. Qe5 Qg4 45. Qxd5+ 1-0

[Event "Moscow Open 2007"]
[Site "Moscow"]
[Date "2007.01.27"]
[Round "1"]
[White "Guseva, Marina"]
[Black "Oleksienko, Mikhailo"]
[Result "1/2-1/2"]
[WhiteElo "2305"]
[BlackElo "2541"]
[PlyCount "97"]
[EventDate "2007.??.??"]

1. d4 Nf6 2. c4 c5 3. d5 b5 4. cxb5 a6 5. bxa6 Bxa6 6. Nc3 g6 7. Nf3 d6 8. Nd2
Bg7 9. e4 Bxf1 10. Nxf1 Qa5 11. Bd2 O-O 12. Ne3 Qa6 13. Qe2 Nfd7 14. Qxa6 Nxa6
15. Ke2 Rfb8 16. Rab1 Nc7 17. a3 Rb3 18. Kd1 Bxc3 19. Bxc3 Nb5 20. Kc2 Rxc3+
21. bxc3 Nxa3+ 22. Kd2 Nxb1+ 23. Rxb1 Ra2+ 24. Nc2 Ne5 25. Rb7 Kf8 26. f4 Ng4
27. c4 Ne3 28. Kxe3 Rxc2 29. Kd3 Rxg2 30. e5 Rg4 31. exd6 exd6 32. Rd7 Rxf4 33.
Rxd6 Rd4+ 34. Kc3 Rh4 35. Rc6 Rh3+ 36. Kd2 Rxh2+ 37. Ke3 Rh3+ 38. Ke4 Rh4+ 39.
Kd3 Ke7 40. Rxc5 Kd6 41. Rc8 h5 42. Rg8 Kc7 43. Rf8 Rf4 44. c5 h4 45. Ra8 h3
46. Rh8 Rf5 47. Ke4 Rh5 48. Rxh5 gxh5 49. Kf3 1/2-1/2

[Event "Moscow Open 2007"]
[Site "Moscow"]
[Date "2007.01.27"]
[Round "1"]
[White "Novikov, Stanislav"]
[Black "Egorov, Dmitry"]
[Result "1-0"]
[WhiteElo "2535"]
[BlackElo "2305"]
[PlyCount "73"]
[EventDate "2007.??.??"]

1. e4 c5 2. Nf3 d6 3. d4 cxd4 4. Nxd4 Nf6 5. Nc3 g6 6. Be3 Bg7 7. Be2 O-O 8.
O-O Nc6 9. Nb3 Bd7 10. f4 Rc8 11. h3 a6 12. Bf3 b5 13. a3 Be6 14. Qd2 Bxb3 15.
cxb3 Na5 16. Qc2 Nd7 17. Rad1 Qc7 18. Kh1 e6 19. Qd3 Nc5 20. Qxd6 Naxb3 21. e5
Rfe8 22. Qxc7 Rxc7 23. Rd6 Bf8 24. Rb6 Rd8 25. Rd1 Rcd7 26. Rxd7 Rxd7 27. Rb8
Rd3 28. Bf2 Rd2 29. Bh4 Rxb2 30. Bc6 f6 31. Nd5 fxe5 32. Be7 exd5 33. Bxd5+ Kg7
34. Rxf8 Rb1+ 35. Kh2 exf4 36. Rf7+ Kh6 37. h4 1-0

[Event "Moscow Open 2007"]
[Site "Moscow"]
[Date "2007.01.27"]
[Round "1"]
[White "Popov, Ivan"]
[Black "Grigoriadis, Alexandros"]
[Result "1-0"]
[WhiteElo "2531"]
[BlackElo "2304"]
[PlyCount "83"]
[EventDate "2007.??.??"]

1. e4 c5 2. Nf3 d6 3. d4 cxd4 4. Nxd4 Nf6 5. Nc3 a6 6. f4 Nc6 7. Be2 Qb6 8. Nb3
e6 9. a4 d5 10. a5 Qa7 11. exd5 Nxd5 12. Nxd5 exd5 13. Qxd5 Be6 14. Qe4 Bb4+
15. c3 O-O 16. Be3 Qb8 17. Nd4 Nxd4 18. Bxd4 Bd6 19. O-O Re8 20. Bd3 f5 21. Qf3
Qc7 22. Rae1 Qf7 23. Qg3 g6 24. Qh4 Bd5 25. b4 Be7 26. Qf2 Rac8 27. Re2 Bd6 28.
Rfe1 Rxe2 29. Rxe2 Re8 30. c4 Be4 31. Bc3 Bf8 32. Qd4 Bg7 33. Qxg7+ Qxg7 34.
Bxg7 Kxg7 35. Bxe4 fxe4 36. Kf2 h5 37. Ke3 Kf6 38. Rd2 Re7 39. Rd6+ Kf5 40. c5
h4 41. h3 Re8 42. Rd5+ 1-0

[Event "Moscow Open 2007"]
[Site "Moscow"]
[Date "2007.01.27"]
[Round "1"]
[White "Yandemirov, Valeri"]
[Black "Kedrov, Valery V"]
[Result "1-0"]
[WhiteElo "2523"]
[BlackElo "2300"]
[PlyCount "81"]
[EventDate "2007.??.??"]

1. e4 c5 2. Nf3 g6 3. c3 Bg7 4. d4 cxd4 5. cxd4 d5 6. e5 Bg4 7. Bb5+ Nc6 8. Nc3
e6 9. Bxc6+ bxc6 10. O-O Ne7 11. Bg5 Qb6 12. Na4 Qb5 13. Bxe7 Kxe7 14. b3 Rab8
15. h3 Bxf3 16. Qxf3 Rhc8 17. Rac1 Qb4 18. Qf4 Kf8 19. Nc5 Kg8 20. Na6 Qa3 21.
Nxb8 Rxb8 22. Rxc6 Qxa2 23. Rfc1 Qxb3 24. Rc8+ Rxc8 25. Rxc8+ Bf8 26. Rc7 Qb1+
27. Kh2 Qf5 28. Qxf5 gxf5 29. Rxa7 Bb4 30. g4 fxg4 31. hxg4 Bc3 32. Ra4 Kg7 33.
Kg3 Kg6 34. f4 h5 35. gxh5+ Kxh5 36. Kf3 Kg6 37. Ke3 Kf5 38. Ra7 Kg6 39. Ra2
Kg7 40. Rc2 Bb4 41. f5 1-0

[Event "Moscow Open 2007"]
[Site "Moscow"]
[Date "2007.01.27"]
[Round "1"]
[White "Koshevoy, Sergey"]
[Black "Gabrielian, Artur"]
[Result "1-0"]
[WhiteElo "2294"]
[BlackElo "2521"]
[PlyCount "130"]
[EventDate "2007.??.??"]

1. d4 Nf6 2. c4 c5 3. d5 e6 4. Nc3 exd5 5. cxd5 d6 6. e4 g6 7. Nf3 Bg7 8. h3
O-O 9. Bd3 Nh5 10. O-O a6 11. a4 Nd7 12. Re1 Ne5 13. Be2 Nxf3+ 14. Bxf3 Qh4 15.
Bxh5 gxh5 16. Qd2 f5 17. Qg5 Qxg5 18. Bxg5 Rf7 19. Bf4 Bf8 20. e5 dxe5 21. Rxe5
Bd7 22. Re3 Re8 23. Rxe8 Bxe8 24. a5 Rd7 25. Re1 Bf7 26. Re5 Bg6 27. Re6 Kf7
28. Re1 Be7 29. Rd1 Bd6 30. Bxd6 Rxd6 31. Na4 Ke7 32. Nxc5 b6 33. axb6 Rxb6 34.
d6+ Rxd6 35. Rxd6 Kxd6 36. Nxa6 f4 37. b4 Be8 38. Nc5 Kd5 39. h4 Kc4 40. Ne6 f3
41. gxf3 Kxb4 42. Kg2 Kc4 43. Kg3 Kd3 44. f4 Bg6 45. Ng7 Bf7 46. f3 Kd4 47.
Nf5+ Kd5 48. Ne3+ Kd4 49. Kf2 Bg6 50. Nf1 Bf5 51. Ng3 Bg6 52. Ke2 Bf7 53. Nf5+
Kd5 54. Ke3 Ke6 55. Nd4+ Kf6 56. Ke4 Ba2 57. Ne2 Bb1+ 58. Ke3 Bg6 59. Ng3 Be8
60. Ne4+ Kg6 61. f5+ Kg7 62. Kf4 Bf7 63. Ke5 Bb3 64. Ng3 Bf7 65. Ne4 Ba2 1-0

[Event "Moscow Open 2007"]
[Site "Moscow"]
[Date "2007.01.27"]
[Round "1"]
[White "Prokopchuk, Evgeny"]
[Black "Kutuzov, Denis"]
[Result "0-1"]
[WhiteElo "2516"]
[BlackElo "2293"]
[PlyCount "125"]
[EventDate "2007.??.??"]

1. e4 e6 2. d4 d5 3. Nc3 Nf6 4. e5 Nfd7 5. Nce2 c5 6. f4 Nc6 7. Nf3 Qb6 8. c3
f6 9. a3 Be7 10. h4 O-O 11. h5 a5 12. b3 Qc7 13. Be3 b6 14. Qd2 Ba6 15. Rh3
Rfc8 16. Rg3 cxd4 17. Nexd4 Nxd4 18. cxd4 Bxf1 19. Kxf1 Qc3 20. Qxc3 Rxc3 21.
Nd2 a4 22. b4 Rac8 23. Ke2 Nb8 24. Bf2 R3c7 25. Rd3 Nc6 26. g4 Na7 27. f5 Kf7
28. h6 g6 29. fxe6+ Kxe6 30. Nf3 Rc2+ 31. Rd2 Nb5 32. Be1 Rc1 33. Rxc1 Rxc1 34.
Ra2 Rc3 35. Ra1 Rc4 36. Kd3 fxe5 37. dxe5 Rxg4 38. Bf2 Rc4 39. Bd4 g5 40. Rg1
Kf5 41. Bb2 Rf4 42. Ke2 g4 43. Nh2 Bg5 44. e6 Bxh6 45. Kd3 Kxe6 46. Nxg4 Rf3+
47. Kc2 Bf4 48. Rh1 Kf5 49. Nh6+ Kg6 50. Ng8 Bg5 51. Rg1 d4 52. Ne7+ Kh5 53.
Rh1+ Bh4 54. Nc6 Nxa3+ 55. Bxa3 Rc3+ 56. Kd2 Rxc6 57. b5 Re6 58. Bb2 Re5 59.
Bxd4 Rxb5 60. Bf6 Rb4 61. Kc3 Rf4 62. Bxh4 Rxh4 63. Rb1 0-1

[Event "Moscow Open 2007"]
[Site "Moscow"]
[Date "2007.01.27"]
[Round "1"]
[White "Belous, Vladimir"]
[Black "Maiorov, Nikita"]
[Result "1/2-1/2"]
[WhiteElo "2289"]
[BlackElo "2516"]
[PlyCount "64"]
[EventDate "2007.??.??"]

1. Nf3 Nf6 2. c4 b6 3. g3 Bb7 4. Bg2 e6 5. O-O Be7 6. Qc2 O-O 7. Rd1 d5 8. d4
Nbd7 9. b3 c5 10. cxd5 Nxd5 11. Bb2 Rc8 12. Qd2 cxd4 13. Bxd4 Qc7 14. Nc3 Nxc3
15. Qxc3 Qxc3 16. Bxc3 Nf6 17. Be5 Bd5 18. Rac1 Ba3 19. Rxc8 Rxc8 20. Nd4 Bxg2
21. Kxg2 a6 22. Rd2 Ng4 23. Rc2 Rxc2 24. Nxc2 Nxe5 25. Nxa3 Kf8 26. Nc2 Ke7 27.
f4 Nc6 28. Kf3 Kd6 29. Ke4 f5+ 30. Kd3 b5 31. a3 e5 32. e3 g6 1/2-1/2